LEADER 01377nam a2200301 u 4500 001 000000036826 003 CaOOAMICUS 005 20070226112737.0 008 980330s1988 it u000 u ita u 020 $a8838419485 035 $a10788155 040 $aPUL(R)$bita 100 1 $aMorgante, Marcello,$cvesc.,$d1915-$0(OLS)http://pul/name/27208 245 13$aIl concordato tra la Santa Sede e la repubblica italiana nella revisione del 18 febbraio 1984 /$cMarcello Morgante ; con prefazione di S.E. Cesare Mirabelli. 260 $aCinisello Balsamo :$bed. Paoline,$c1988. 300 $a351 p. ;$c21 cm 500 $aContiene indici. 504 $aBibliografia in nota. 650 4$aDiritto concordatario.$0(OLS)http://pul/subject/2274 650 4$aConcordati$zItalia$y1929$xRevisione.$0(OLS)http://pul/subject/962 700 1 $aMirabelli, Cesare.$0(OLS)http://pul/name/26937 850 $aPUL 852 $aPUL$W1$xSL Diritto Canonico 1$y5$m149 F 66$j50436$nBK-PRI$b $qStampati$B50436$CPULBib$Z2$F50436 $H $81 941 1 $a8 961 $aINV: 71013 996 $6020$a8838419485$9(OLS)http://pul/number/44792 996 $6245$aIl concordato tra la Santa Sede e la repubblica italiana nella revisione del 18 febbraio 1984$9(OLS)http://pul/title/50254 996 $6260$aCinisello Balsamo :$bed. Paoline$9(OLS)http://pul/publisher/63099 LEADER 01398nam a2200349 u 4500 001 000000058097 003 CaOOAMICUS 005 20070226120644.0 008 010525s1985 it u000 u ita u 020 $a882630680 035 $a10890399 040 $aPUL(R)$bita 041 1 $aita$hger 100 1 $aAlbert, Hans,$d1921-$0(OLS)http://pul/name/10351 240 10$aElend der Theologie.$lItaliano.$0(OLS)http://pul/title/77802 245 13$aLa miseria della teologia /$cHans Albert ; discussione critica di Hans Küng ; traduzione di Adolfo Fabbio. 260 $aRoma :$bBorla,$cstampa 1985. 300 $a190 p. ;$c20 cm 490 1 $aEpistemologia contemporanea 500 $aContiene indice. 504 $aContiene indicazioni bibliografiche. 650 4$aTeologia.$0(OLS)http://pul/subject/118 700 1 $aFabbio, Adolfo.$0(OLS)http://pul/name/30725 700 1 $aKüng, Hans,$d1928-$0(OLS)http://pul/name/4001 830 0$aEpistemologia contemporanea.$0(OLS)http://pul/title/58856 850 $aPUL 852 $aPUL$W1$xSL Religione 1$y3$m58 B 56$j75926$n $b $qStampati$B75926$CPULBib$Z2$F75926 $H $81 941 1 $a8 961 $aINV: 65754 996 $6020$a882630680$9(OLS)http://pul/number/73561 996 $6245$aLa miseria della teologia$9(OLS)http://pul/title/77803 996 $6260$aRoma :$bBorla$9(OLS)http://pul/publisher/48061